| 000 | 00483nam a22001697a 4500 | ||
|---|---|---|---|
| 005 | 20250416150617.0 | ||
| 008 | 250404b |||||||| |||| 00| 0 eng d | ||
| 020 | _a9781639899548 | ||
| 041 | _aeng | ||
| 082 | _a658.872 WIL | ||
| 100 | _aWilliamson, Austin | ||
| 245 | _aDigital Marketing: A Step By Step Guide | ||
| 260 |
_aUSA _bStates Academic Press _c2025 |
||
| 300 | _a205;. pages 26cm | ||
| 650 | _aElectronic Commerce; Internet Marketing: Digital Marketing | ||
| 942 | _cBK | ||
| 999 |
_c43569 _d43569 |
||